විකෘති/

Saved in:
Bibliographic Details
Main Author: සුබසිංහ, සෝමලතා
Format: Book
Language:English
Published: Lanka Children's and Youth Theatre Foundation: Kumbukgahaduwa, 1991.
Subjects:
Tags: Add Tag
No Tags, Be the first to tag this record!

MARC

LEADER 00000nam a22000007a 4500
008 251008b |||||||| |||| 00| 0 eng d
020 |a 9789554284302 
041 |h SIN 
082 |a 792.78  |b සුබසි 
100 |a සුබසිංහ, සෝමලතා 
245 |a විකෘති/ 
260 |a Lanka Children's and Youth Theatre Foundation:  |b Kumbukgahaduwa,  |c 1991. 
300 |a පි.110:  |c සෙ.මි.20 
650 0 |a සිංහල නාට්‍ය 
942 |c BK 
999 |c 26722  |d 26722